000 00572nam a2200229Ia 4500
003 OSt
005 20220924152222.0
006 a|||||r|||| 00| 0
007 ta
008 220923b |||||||| |||| 00| 0 mar d
024 _a341605
037 _cTextual
040 _aARTS
_cARTS
_bmar
041 _2mar
_amar
082 _aO155,3N35,3, L4
100 _aYadav Anand
_9226172
245 0 _aGharjavai
260 _c1974
650 _aMARATHI LITERATURE
_938000
942 _hO155,3N35,3, L4
_cTEXL
_2CC
999 _c469160
_d469160